[Event "4NCL-9899B WIT-KH"]
[Site "Rd5-Birmingham"]
[Date "1999.01.23"]
[Round "5.4"]
[White "Okike, David"]
[Black "Haydon, Richard"]
[Result "1/2-1/2"]
[WhiteElo "2145"]
[BlackElo "2200"]
[PlyCount "38"]
[EventDate "1999.01.23"]

1. e4 g6 2. d4 Bg7 3. Nf3 d6 4. Nc3 Nf6 5. Bf4 O-O 6. Qd2 Nc6 7. Bh6 Bg4 8.
Bxg7 Kxg7 9. Be2 e5 10. dxe5 dxe5 11. O-O-O Bxf3 12. Bxf3 Qxd2+ 13. Rxd2 Nd4
14. Be2 Rfd8 15. Rhd1 Rd7 16. f3 Rad8 17. Bf1 c6 18. Na4 b6 19. b3 Ne6 1/2-1/2

[Event "4NCL-9899B WIT-KH"]
[Site "Rd5-Birmingham"]
[Date "1999.01.23"]
[Round "5.5"]
[White "Hackett, David"]
[Black "Mackenzie, Colin"]
[Result "0-1"]
[WhiteElo "2220"]
[BlackElo "2125"]
[PlyCount "104"]
[EventDate "1999.01.23"]

1. e4 e6 2. d4 d5 3. e5 c5 4. c3 Qb6 5. Nf3 Bd7 6. Bd3 Bb5 7. O-O Nc6 8. dxc5
Bxc5 9. Bxb5 Qxb5 10. a4 Qc4 11. b3 Qg4 12. Qd3 a6 13. b4 Be7 14. Nbd2 Nh6 15.
b5 Na5 16. Nd4 Qg6 17. Qe2 O-O 18. c4 Nf5 19. Nxf5 Qxf5 20. cxd5 exd5 21. Ba3
Rfe8 22. f4 Bxa3 23. Rxa3 Qc2 24. Qd3 Qc5+ 25. Kh1 axb5 26. axb5 Nc4 27. Rb3
Nxd2 28. Qxd2 Qc4 29. Rfb1 Ra4 30. Rb4 Rxb4 31. Qxb4 Rc8 32. Qxc4 dxc4 33. Kg1
Kf8 34. Kf2 c3 35. Rc1 Ke7 36. Ke3 Ke6 37. Kd4 c2 38. g4 g6 39. h3 h5 40. f5+
gxf5 41. gxh5 f6 42. exf6 Kxf6 43. h6 Kg6 44. Ke5 Rc5+ 45. Kd4 b6 46. Ke3 Kxh6
47. Kf4 Kg6 48. Kg3 Rc4 49. Kf3 Kg5 50. Ke3 Kh4 51. Kf3 f4 52. Kf2 Rc3 0-1

[Event "4NCL-9899B WIT-KH"]
[Site "Rd5-Birmingham"]
[Date "1999.01.23"]
[Round "5.6"]
[White "Pearce, Robin"]
[Black "Rose, Matthew"]
[Result "0-1"]
[WhiteElo "2170"]
[BlackElo "2130"]
[PlyCount "44"]
[EventDate "1999.01.23"]

1. Nf3 Nf6 2. c4 g6 3. Nc3 Bg7 4. e4 d6 5. d4 O-O 6. Be2 e5 7. dxe5 dxe5 8.
Qxd8 Rxd8 {(Draw offer)} 9. Bg5 Re8 10. Nd5 Nxd5 11. cxd5 c6 12. Bc4 cxd5 13.
Bxd5 Nd7 14. Rc1 h6 15. Be3 Nf6 16. Bb3 Nxe4 17. Rc7 Be6 18. Bxe6 Rxe6 19. Rxb7
Ra6 20. a3 Nd6 21. Rb4 Rc6 22. Nd2 Rc1+ 0-1

[Event "4NCL-9899B WIT-KH"]
[Site "Rd5-Birmingham"]
[Date "1999.01.23"]
[Round "5.7"]
[White "Churm, Rohan"]
[Black "Gilfillan, Andrew"]
[Result "1/2-1/2"]
[WhiteElo "2147"]
[BlackElo "2032"]
[PlyCount "53"]
[EventDate "1999.01.23"]

1. d4 d5 2. Nf3 Nf6 3. c4 dxc4 4. e3 Bg4 5. Bxc4 e6 6. Qb3 Bxf3 7. gxf3 Nbd7 8.
e4 Nb6 9. Be3 Nxc4 10. Qxc4 c6 11. Nc3 Be7 12. O-O O-O 13. b4 Qd6 14. Rab1 e5
15. Rfd1 Nd7 16. Qf1 exd4 17. Bxd4 Ne5 18. Qg2 Qf6 19. f4 Qxf4 20. Ne2 Qg5 21.
Ng3 Rfd8 22. f4 Qxf4 23. Rf1 Qg5 24. Rf5 Rxd4 25. Rxg5 Bxg5 26. Nf5 Rd2 27. Qg3
1/2-1/2

[Event "4NCL-9899B BR2-WIT"]
[Site "Rd6-Birmingham"]
[Date "1999.01.24"]
[Round "6.1"]
[White "Jakubovics, Nick"]
[Black "Hunt, Adam"]
[Result "1/2-1/2"]
[WhiteElo "2210"]
[BlackElo "2297"]
[PlyCount "88"]
[EventDate "1999.01.24"]

1. e4 c5 2. Nf3 d6 3. d4 cxd4 4. Nxd4 Nf6 5. Nc3 a6 6. f4 Qc7 7. Nf3 Nbd7 8.
Bd3 g6 9. O-O Bg7 10. Qe1 b5 11. e5 dxe5 12. fxe5 Ng4 13. e6 fxe6 14. Qe4 Qa7+
15. Kh1 Ndf6 16. Qe1 O-O 17. h3 Nh6 18. Ng5 Nf5 19. Nxe6 Ng3+ 20. Qxg3 Bxe6 21.
Qe1 Qd7 22. Bf4 Nd5 23. Be5 Rxf1+ 24. Bxf1 Bxe5 25. Qxe5 Nxc3 26. Qxc3 Rc8 27.
Qd3 Qc6 28. c3 Rf8 29. Qg3 Bxa2 30. Bxb5 Qxb5 31. Rxa2 Rf1+ 32. Kh2 Qe2 33. Ra5
Qd1 34. Qe3 Rh1+ 35. Kg3 Qd6+ 36. Kh4 Rf1 37. Re5 Qf6+ 38. Kg3 Kf7 39. b4 h5
40. Kh2 Qd6 41. Qc5 Qf6 42. Rxe7+ Qxe7 43. Qc4+ Kg7 44. Qxf1 Qe5+ 1/2-1/2

[Event "4NCL-9899B BR2-WIT"]
[Site "Rd6-Birmingham"]
[Date "1999.01.24"]
[Round "6.2"]
[White "Devereaux, Maxim"]
[Black "Hodge, David"]
[Result "1-0"]
[WhiteElo "2220"]
[BlackElo "2120"]
[PlyCount "101"]
[EventDate "1999.01.24"]

1. e4 c5 2. c3 d5 3. exd5 Qxd5 4. d4 Nc6 5. Nf3 e5 6. dxe5 Qxd1+ 7. Kxd1 Bg4 8.
Bf4 Nge7 9. Bd3 O-O-O 10. Ke2 Nd5 11. Bg3 g6 12. Nbd2 Bg7 13. h3 Bh5 14. Bb5 g5
15. Bxc6 bxc6 16. Rhe1 Nf4+ 17. Bxf4 gxf4 18. Kf1 Rhe8 19. Nc4 Kc7 20. Ng5 Bg6
21. Ne4 Rd5 22. Kg1 Re6 23. Ng5 Re7 24. Nf3 Bd3 25. Nd6 Bxe5 26. Nxf7 Rxf7 27.
Rxe5 Rg7 28. Rae1 Bf5 29. Re7+ Rd7 30. Rxd7+ Rxd7 31. Re5 Rd5 32. Re7+ Rd7 33.
Rxd7+ Kxd7 34. Kh2 Kd6 35. g3 fxg3+ 36. fxg3 Kd5 37. Nd2 Be6 38. g4 Ke5 39. Nb3
Kf4 40. Nxc5 Bxa2 41. Nd3+ Ke3 42. Nb4 Bb1 43. Nxc6 a6 44. Na5 Ba2 45. Kg3 Kd3
46. Kf4 Kc2 47. Ke5 Kxb2 48. c4 Kc3 49. c5 Bf7 50. c6 Be8 51. Kd6 1-0

[Event "4NCL-9899B BR2-WIT"]
[Site "Rd6-Birmingham"]
[Date "1999.01.24"]
[Round "6.3"]
[White "Easton, Alex"]
[Black "Headlong, Tim"]
[Result "1/2-1/2"]
[WhiteElo "2104"]
[BlackElo "2270"]
[PlyCount "85"]
[EventDate "1999.01.24"]

1. d4 d5 2. c4 e6 3. Nc3 c5 4. cxd5 exd5 5. Nf3 Nc6 6. g3 Nf6 7. Bg2 Be7 8. O-O
O-O 9. Bg5 cxd4 10. Nxd4 h6 11. Be3 Re8 12. Rc1 Bf8 13. Nxc6 bxc6 14. Bd4 Nh7
15. Na4 Bg4 16. Rc2 Qa5 17. b3 Qb5 18. Qc1 Bd7 19. e3 Ng5 20. Bc5 Bxc5 21. Nxc5
Bf5 22. Rc3 Qe2 23. f4 Nh3+ 24. Bxh3 Bxh3 25. Rf2 Qb5 26. Qd1 Qb4 27. Rfc2 Bf5
28. Rc1 Rad8 {(Draw offer)} 29. Nd3 Qe4 30. Ne5 d4 31. exd4 Rxd4 32. Qe1 Qxe1+
33. Rxe1 Rd2 34. a4 {(Draw offer)} f6 35. Nf3 Rxe1+ 36. Nxe1 Be4 37. Nf3 Bxf3
38. Rxf3 Rb2 39. Rc3 Kf7 {(Draw offer)} 40. Rxc6 Kg6 41. Rc3 h5 42. h3 Kf5 43.
Rc7 1/2-1/2

[Event "4NCL-9899B BR2-WIT"]
[Site "Rd6-Birmingham"]
[Date "1999.01.24"]
[Round "6.4"]
[White "Haydon, Richard"]
[Black "Buckley, Simon"]
[Result "0-1"]
[WhiteElo "2200"]
[BlackElo "2120"]
[PlyCount "76"]
[EventDate "1999.01.24"]

1. Nf3 Nf6 2. c4 g6 3. Nc3 Bg7 4. d4 O-O 5. e4 d6 6. Be2 e5 7. d5 Na6 8. Bg5 h6
9. Bh4 g5 10. Bg3 Nxe4 11. Nxe4 f5 12. Nfd2 fxe4 13. Nxe4 Bf5 14. f3 Bxe4 15.
fxe4 c6 16. Bf3 Qb6 17. Qd2 Nc5 18. b4 Qxb4 19. Qxb4 Nd3+ 20. Kd2 Nxb4 21. Rab1
Na6 22. Rxb7 Nc5 23. Rb4 Bf6 24. Re1 Bd8 25. Kc2 Ba5 26. a3 Na6 27. Reb1 Bxb4
28. axb4 c5 29. b5 Nb4+ 30. Kc3 a6 31. Bg4 axb5 32. cxb5 Ra3+ 33. Rb3 Ra2 34.
Rb2 Ra1 35. b6 Rb8 36. Rf2 Rc1+ 37. Kb3 Rxb6 38. Be6+ Kg7 0-1

[Event "4NCL-9899B BR2-WIT"]
[Site "Rd6-Birmingham"]
[Date "1999.01.24"]
[Round "6.5"]
[White "Hanley, Craig"]
[Black "Hackett, David"]
[Result "1-0"]
[WhiteElo "2110"]
[BlackElo "2220"]
[PlyCount "165"]
[EventDate "1999.01.24"]

1. c4 Nf6 2. Nc3 g6 3. g3 Bg7 4. Bg2 O-O 5. e4 e5 6. Nge2 Nc6 7. O-O d6 8. d3
Nh5 9. Be3 Nd4 10. f4 Bg4 11. Qd2 c6 12. Bxd4 exd4 13. Nd1 f5 14. Nf2 Qd7 15.
Nxg4 fxg4 16. f5 Qe7 17. Rae1 g5 18. b4 Be5 19. Rc1 c5 20. bxc5 dxc5 21. Rb1
Rab8 22. a4 Qg7 23. Rb5 Rfc8 24. f6 Bxf6 25. e5 Bxe5 26. Bd5+ Kh8 27. Rf7 Qh6
28. Qa5 Rf8 29. Rxf8+ Rxf8 30. Rxb7 Qf6 31. Qe1 Ng7 32. Rxa7 Nf5 33. Ra8 Bb8
34. Qb1 Qe5 35. Be4 Ne3 36. a5 Rf1+ 37. Qxf1 Nxf1 38. a6 Kg7 39. a7 Bxa7 40.
Rxa7+ Kf6 41. Kxf1 h5 42. Rh7 h4 43. gxh4 gxh4 44. Rxh4 Qg5 45. Rh8 Ke5 46. Rf8
Qh6 47. Rf5+ Kd6 48. Rf2 Qh3+ 49. Kg1 Qe3 50. Ng3 Kc7 51. Kg2 Kb6 52. Re2 Qf4
53. Nf1 Ka5 54. Rb2 Ka4 55. Rf2 Qh6 56. Bf5 Kb4 57. Ng3 Kc3 58. Ne2+ Kb3 59.
Nf4 Qh4 60. Be6 Kc3 61. Re2 Kb4 62. Re5 Kc3 63. Rxc5 Qe1 64. Rf5 Qd2+ 65. Kg3
Qe3+ 66. Kxg4 Qg1+ 67. Kh5 Qxh2+ 68. Kg6 Qg3+ 69. Kf6 Qh4+ 70. Ke5 Qh8+ 71. Rf6
Qg7 72. Bf5 Qc7+ 73. Ke4 Qe7+ 74. Re6 Qh4 75. c5 Qh1+ 76. Ke5 Qh8+ 77. Kd5 Qa8+
78. c6 Kd2 79. Ke4 Qa1 80. c7 Qc1 81. Nd5 Qe1+ 82. Kxd4 Qf2+ 83. Ke5 1-0

[Event "4NCL-9899B BR2-WIT"]
[Site "Rd6-Birmingham"]
[Date "1999.01.24"]
[Round "6.6"]
[White "Rose, Matthew"]
[Black "Grossett, Duncan"]
[Result "1-0"]
[WhiteElo "2130"]
[BlackElo "2048"]
[PlyCount "53"]
[EventDate "1999.01.24"]

1. e4 e6 2. d4 d5 3. Nd2 Nf6 4. e5 Nfd7 5. c3 c5 6. f4 Nc6 7. Ndf3 Be7 8. Bd3
Qb6 9. Ne2 f6 10. f5 fxe5 11. dxe5 Ndxe5 12. Nf4 O-O 13. fxe6 Nxd3+ 14. Qxd3
Nd8 15. Nxd5 Qxe6+ 16. Be3 Qd6 17. O-O-O Nf7 18. Bf4 Qd8 19. Rhe1 Bf6 20. Qc4
Qa5 21. Bd6 Nxd6 22. Nxf6+ Kh8 23. Rxd6 gxf6 24. Re7 Bf5 25. Qf4 Bg6 26. Ne5
Kg8 27. Qc4+ 1-0

[Event "4NCL-9899B BR2-WIT"]
[Site "Rd6-Birmingham"]
[Date "1999.01.24"]
[Round "6.7"]
[White "Dilleigh, Stephen"]
[Black "Churm, Rohan"]
[Result "0-1"]
[WhiteElo "2055"]
[BlackElo "2147"]
[PlyCount "86"]
[EventDate "1999.01.24"]

1. d4 d5 2. c4 e6 3. Nc3 c6 4. e3 Nf6 5. Nf3 Nbd7 6. Qc2 Bd6 7. Be2 O-O 8. O-O
Re8 9. Rd1 Qe7 10. h3 h6 11. a3 dxc4 12. Bxc4 e5 13. Ba2 e4 14. Nd2 Nb6 15. Nf1
Bf5 16. f4 Nfd5 17. Nxd5 cxd5 18. Qe2 Rac8 19. Bb3 Bd7 20. a4 Rc7 21. Bd2 Nc4
22. Bc3 Bb4 23. Rdc1 Rec8 24. Rc2 a5 25. Rac1 Nb6 26. Bxb4 Rxc2 27. Rxc2 Qxb4
28. Rxc8+ Bxc8 29. Qc2 Bd7 30. Ng3 g6 31. Kf2 Bxa4 32. Bxa4 Nxa4 33. Qc8+ Kg7
34. Qc7 Qd2+ 35. Ne2 Nxb2 36. Qe5+ Kh7 37. Qf6 Kg8 38. f5 Nd3+ 39. Kg3 Qxe3+
40. Kh2 gxf5 41. Qd8+ Kg7 42. Ng3 Qf4 43. Qxd5 h5 0-1

[Event "4NCL-9899B BR2-WIT"]
[Site "Rd6-Birmingham"]
[Date "1999.01.24"]
[Round "6.8"]
[White "Smith, Lucy"]
[Black "Tidman, Sophie"]
[Result "0-1"]
[WhiteElo "1616"]
[BlackElo "1752"]
[PlyCount "98"]
[EventDate "1999.01.24"]

1. d4 f5 2. c4 Nf6 3. Nc3 g6 4. Nf3 Bg7 5. Bf4 O-O 6. h3 d6 7. Qb3 Nh5 8. Bh2
Nc6 9. Rd1 f4 10. c5+ Kh8 11. cxd6 cxd6 12. g4 fxg3 13. fxg3 Rxf3 14. exf3 Nxd4
15. Rxd4 Bxd4 16. g4 Ng7 17. Bc4 e5 18. Bg3 Qg5 19. Ne2 Bb6 20. Qd3 Ba5+ 21.
Kf1 Qf6 22. Nc3 Bxc3 23. Qxc3 Be6 24. Bxe6 Nxe6 25. Kg2 Nd4 26. Bf2 Ne2 27. Qc2
Nf4+ 28. Kg3 Rf8 29. Qd1 Ne6 30. Be3 Nf4 31. Rf1 d5 32. Bxf4 exf4+ 33. Kg2
Qxb2+ 34. Rf2 Qe5 35. Re2 Qg5 36. Qd4+ Kg8 37. Re5 Qh4 38. Qf2 Qxf2+ 39. Kxf2
Rc8 40. Re2 Kf7 41. Rb2 b6 42. Rd2 Ke6 43. Re2+ Kd6 44. h4 Rc7 45. g5 Re7 46.
Rc2 Rc7 47. Re2 b5 48. Rb2 a6 49. Ke2 Re7+ 0-1

[Event "4NCL-9899B COU-BCCA"]
[Site "Rd6-Birmingham"]
[Date "1999.01.24"]
[Round "6.1"]
[White "Houska, Miroslav"]
[Black "Tait, Jonathan"]
[Result "0-1"]
[WhiteElo "2375"]
[BlackElo "2185"]
[PlyCount "66"]
[EventDate "1999.01.24"]

1. d4 d5 2. c4 e5 3. e3 Nc6 4. cxd5 Qxd5 5. Nc3 Bb4 6. Bd2 Bxc3 7. bxc3 exd4 8.
cxd4 Nf6 9. Ne2 Ne4 10. Nc3 Nxc3 11. Bxc3 O-O 12. f3 Qg5 13. Kf2 Ne7 14. h4 Qh6
15. g4 Bxg4 16. fxg4 Qc6 17. Bb4 Qxh1 18. Bxe7 Rfe8 19. Bg5 h6 20. Bf4 Qxh4+
21. Kg2 Qe7 22. Qf3 Qa3 23. Qf2 c5 24. Bc4 Qc3 25. Qf1 cxd4 26. g5 Re7 27. gxh6
dxe3 28. Rc1 Qf6 29. hxg7 Rd8 30. Rc2 Rd4 31. Bg3 Qg6 32. Rc3 e2 33. Bxe2 Rd2
0-1

[Event "4NCL-9899B COU-BCCA"]
[Site "Rd6-Birmingham"]
[Date "1999.01.24"]
[Round "6.2"]
[White "Waters, Clive"]
[Black "Wall, Tim"]
[Result "1-0"]
[WhiteElo "2160"]
[BlackElo "2351"]
[PlyCount "49"]
[EventDate "1999.01.24"]

1. d4 Nf6 2. Nf3 d5 3. c4 dxc4 4. e3 e6 5. Bxc4 c5 6. O-O a6 7. Qe2 b5 8. Bb3
Bb7 9. a4 Nbd7 10. Nc3 b4 11. Nb1 Be7 12. Nbd2 O-O 13. a5 Qc7 14. Bc4 cxd4 15.
exd4 Nd5 16. Nb3 Nf4 17. Bxf4 Qxf4 18. Ne5 Nxe5 19. dxe5 Rfc8 20. Rac1 Bg5 21.
Bd3 Rxc1 22. Rxc1 Rd8 23. Rc4 Rxd3 24. Rxf4 Rxb3 25. Rc4 1-0

[Event "4NCL-9899B COU-BCCA"]
[Site "Rd6-Birmingham"]
[Date "1999.01.24"]
[Round "6.3"]
[White "Dunworth, Chris"]
[Black "Toothill, John"]
[Result "1/2-1/2"]
[WhiteElo "2305"]
[BlackElo "2225"]
[PlyCount "52"]
[EventDate "1999.01.24"]

1. d4 d5 2. Bg5 g6 3. e3 Bg7 4. c4 Nf6 5. cxd5 Nxd5 6. Nc3 O-O 7. Bc4 Nb6 8.
Bb3 Na6 9. Nge2 c5 10. dxc5 Nxc5 11. Qxd8 Rxd8 12. Bxe7 Nd3+ 13. Kf1 Re8 14.
Ba3 Be6 15. Nc1 Nxc1 16. Rxc1 Rac8 17. Ke2 Nc4 18. Na4 b5 19. Nc5 Bg4+ 20. f3
Rxe3+ 21. Kf2 Bd4 22. Kg3 Nxa3 23. bxa3 Bf5 24. Na6 Rxc1 25. Rxc1 Bb2 26. Rc5
Bxa3 1/2-1/2

[Event "4NCL-9899B COU-BCCA"]
[Site "Rd6-Birmingham"]
[Date "1999.01.24"]
[Round "6.3"]
[White "Hall, RVM."]
[Black "Swanson, Stephen"]
[Result "1/2-1/2"]
[WhiteElo "2120"]
[BlackElo "2260"]
[PlyCount "84"]
[EventDate "1999.01.24"]

1. e4 e5 2. d4 Nc6 3. Nf3 exd4 4. c3 d5 5. exd5 Qxd5 6. cxd4 Nf6 7. Be2 Bb4+ 8.
Nc3 O-O 9. O-O Bxc3 10. bxc3 Bf5 11. c4 Qe4 12. Bb2 Rfe8 13. Re1 Nb4 14. Bf1
Qc2 15. Qxc2 Nxc2 16. Rxe8+ Rxe8 17. Rc1 Nb4 18. Ne5 Nd7 19. Nxd7 Bxd7 20. a3
Na6 21. Bd3 c5 22. d5 Nc7 23. Kf1 Na8 24. Rc2 Nb6 25. Bc1 g6 26. Bf4 Bf5 27.
Bxf5 gxf5 28. f3 f6 29. Bd6 Na4 30. Re2 Kf7 31. Rxe8 Kxe8 32. Ke2 Kd7 33. Bb8
a6 34. Kd3 b5 35. cxb5 axb5 36. g4 Nb6 37. Ba7 Nxd5 38. Bxc5 fxg4 39. fxg4 Ke6
40. Ke4 Nc3+ 41. Kf4 Nd5+ 42. Ke4 Nc3+ 1/2-1/2

[Event "4NCL-9899B COU-BCCA"]
[Site "Rd6-Birmingham"]
[Date "1999.01.24"]
[Round "6.5"]
[White "Ledger, David"]
[Black "Donnelly, MJ."]
[Result "1/2-1/2"]
[WhiteElo "2208"]
[BlackElo "2064"]
[PlyCount "83"]
[EventDate "1999.01.24"]

1. e4 c5 2. Nc3 Nc6 3. g3 g6 4. d3 Bg7 5. Be3 d6 6. Qd2 e5 7. Bg2 Be6 8. Nge2
Qd7 9. O-O Nge7 10. f4 Nd4 11. Rae1 f5 12. fxe5 dxe5 13. Nc1 O-O 14. Nd1 Rac8
15. c3 Nb5 16. Bh6 fxe4 17. Rxf8+ Rxf8 18. Bxg7 Kxg7 19. Rxe4 Nc6 20. Re1 Nc7
21. Qe3 Bd5 22. Qxc5 Bxg2 23. Kxg2 Qg4 24. Qe3 Nd5 {(Draw offer)} 25. Qe4 Qd7
26. Nf2 Nf6 27. Qe2 Qd5+ 28. Ne4 a5 29. Rf1 Nxe4 30. Qxe4 Qb5 31. Rxf8 Kxf8 32.
b3 Qc5 33. Ne2 Qa3 34. d4 exd4 35. cxd4 Qxa2 36. d5 Nd4 37. Qf4+ Ke7 38. Qe5+
Kd7 39. Qg7+ Kd6 40. Qf6+ Kd7 41. Qf7+ Kd6 42. Qf6+ 1/2-1/2

[Event "4NCL-9899B COU-BCCA"]
[Site "Rd6-Birmingham"]
[Date "1999.01.24"]
[Round "6.6"]
[White "Hardman, Michael"]
[Black "Rosen, Daniel"]
[Result "0-1"]
[WhiteElo "1928"]
[BlackElo "2228"]
[PlyCount "118"]
[EventDate "1999.01.24"]

1. d4 f5 2. Nf3 Nf6 3. g3 e6 4. Bg2 Be7 5. O-O O-O 6. c4 d5 7. Nc3 c6 8. cxd5
cxd5 9. e3 Nc6 10. Ne1 Bd7 11. Nd3 Be8 12. a3 Rc8 13. Ne2 Na5 14. b4 Nc4 15.
Nc5 Bxc5 16. bxc5 b6 17. Nf4 Qe7 18. cxb6 axb6 19. Bd2 Rf7 20. Bb4 Qd7 21. Qe2
{(Draw offer)} Rc6 22. Rac1 Qc8 23. Rc3 Ra7 24. f3 Rcc7 25. Re1 Bb5 26. Qf2 Rc6
27. e4 dxe4 28. fxe4 Ng4 29. Qa2 g5 30. Nd3 Nce3 31. Rxc6 Qxc6 32. Ne5 Nxe5 33.
Rxe3 Nd3 34. exf5 Qc1+ 35. Re1 Nxe1 36. Qxe6+ Rf7 37. Bxe1 Bd7 38. Qe2 Bc6 39.
d5 Bd7 40. g4 Qxa3 41. Qd2 h6 42. d6 Bc6 43. Bxc6 Qc5+ 44. Bf2 Qxc6 45. Qd4 b5
46. Be1 Qc4 47. Qd1 Rd7 48. Bg3 b4 49. Qf3 Kf7 50. Qa8 Qd4+ 51. Kg2 b3 52. Qc6
Ra7 53. d7 Rxd7 54. Qe6+ Kf8 55. Qxh6+ Qg7 56. Bd6+ Kg8 57. Qe6+ Qf7 58. Qh6
Qd5+ 59. Kf2 Qd2+ 0-1

[Event "4NCL-9899B COU-BCCA"]
[Site "Rd6-Birmingham"]
[Date "1999.01.24"]
[Round "6.7"]
[White "Ledger, Stephen"]
[Black "Phillips, David A"]
[Result "1/2-1/2"]
[WhiteElo "2165"]
[BlackElo "2000"]
[PlyCount "48"]
[EventDate "1999.01.24"]

1. d4 Nf6 2. Nf3 c5 3. d5 d6 4. c4 g6 5. Nc3 Bg7 6. e4 O-O 7. Bd3 Nbd7 8. h3 a6
9. O-O b5 10. cxb5 axb5 11. Bxb5 Ba6 12. Qe2 Qa5 13. a4 Bxb5 14. Nxb5 Qb4 15.
Nc3 Nb6 16. Qc2 Rfb8 17. Ne1 Nc4 18. Nd3 Qb3 19. Qe2 Nd7 20. Kh1 Nde5 21. Nxe5
Bxe5 22. f4 Bd4 23. Rf3 Qb4 24. f5 Nxb2 1/2-1/2

[Event "4NCL-9899B COU-BCCA"]
[Site "Rd6-Birmingham"]
[Date "1999.01.24"]
[Round "6.8"]
[White "Barnes, Lara"]
[Black "Turvey, Syringa"]
[Result "1/2-1/2"]
[WhiteElo "1608"]
[BlackElo "1568"]
[PlyCount "104"]
[EventDate "1999.01.24"]

1. e4 c5 2. Nf3 d6 3. d4 cxd4 4. Nxd4 Nf6 5. Nc3 a6 6. Be2 e6 7. O-O Qc7 8. Kh1
Nc6 9. Nxc6 bxc6 10. f4 Be7 11. Qe1 Rb8 12. Qg3 h5 13. e5 h4 14. Qe3 Nd5 15.
Nxd5 cxd5 16. Bd3 Bb7 17. h3 dxe5 18. Qxe5 Qxe5 19. fxe5 Rh5 20. Be3 Rc8 21.
Bd4 Bc5 22. c3 Rh6 23. Rae1 Ke7 24. Re2 Bxd4 25. cxd4 f5 26. exf6+ Rxf6 27.
Rfe1 Rcf8 28. Rc2 Kd6 29. Rec1 R8f7 30. Bxa6 Rf4 31. Bxb7 Rxb7 32. Rd2 Rb4 33.
Rcd1 g5 34. Kh2 g4 35. hxg4 Rxg4 36. b3 Re4 37. Rd3 Rb7 38. a3 Re2 39. b4 Rg7
40. Rg1 Ra2 41. Kh3 Rg3+ 42. Rxg3 hxg3 43. Kxg3 Rxa3+ 44. Kf4 Rb3 45. g4 Rxb4
46. Ke3 e5 47. dxe5+ Kxe5 48. g5 {(Draw offer)} d4+ 49. Kd3 Rb3+ 50. Kc2 Rc3+
51. Kd2 Rc7 52. g6 Rg7 1/2-1/2

[Event "4NCL-9899B GUI-SWD"]
[Site "Rd6-Birmingham"]
[Date "1999.01.24"]
[Round "6.1"]
[White "King, Daniel"]
[Black "Cobb, James"]
[Result "1-0"]
[WhiteElo "2506"]
[BlackElo "2287"]
[PlyCount "81"]
[EventDate "1999.01.24"]

1. e4 Nc6 2. Nf3 e5 3. Bb5 a6 4. Ba4 Nf6 5. O-O Be7 6. Re1 b5 7. Bb3 O-O 8. a4
Bb7 9. d3 d6 10. c3 Na5 11. Bc2 c5 12. Nbd2 Re8 13. Nf1 h6 14. d4 cxd4 15. cxd4
Qc7 16. d5 Nc4 17. b3 Nb6 18. a5 Nbd7 19. Bd2 Nh7 20. Rc1 Qd8 21. Ng3 Ng5 22.
Nf5 Nxf3+ 23. Qxf3 Bf8 24. g4 Rc8 25. b4 Rc7 26. Bd3 Rxc1 27. Rxc1 Nf6 28. g5
Nh7 29. gxh6 g6 30. Qg3 Kh8 31. Kh1 Qd7 32. Nh4 Nf6 33. Nxg6+ fxg6 34. Qxg6 Ng4
35. Rg1 Bc8 36. Rg2 Bxh6 37. Rxg4 Qxg4 38. Qxe8+ Kh7 39. Qf7+ Bg7 40. f3 Qh4
41. Kg1 1-0

[Event "4NCL-9899B GUI-SWD"]
[Site "Rd6-Birmingham"]
[Date "1999.01.24"]
[Round "6.2"]
[White "Zeidler, Sven"]
[Black "Kinsman, Andrew"]
[Result "1/2-1/2"]
[WhiteElo "2222"]
[BlackElo "2369"]
[PlyCount "26"]
[EventDate "1999.01.24"]

1. e4 e6 2. d4 d5 3. exd5 exd5 4. Nf3 Bd6 5. c4 c6 6. Nc3 Ne7 7. Bd3 dxc4 8.
Bxc4 O-O 9. O-O Nd7 10. Ne4 Nb6 11. Bd3 Bc7 12. Bc2 Nbd5 13. a3 Bg4 1/2-1/2

[Event "4NCL-9899B GUI-SWD"]
[Site "Rd6-Birmingham"]
[Date "1999.01.24"]
[Round "6.4"]
[White "Rayner, Francis"]
[Black "Thompson, Ian"]
[Result "1-0"]
[WhiteElo "2213"]
[BlackElo "2278"]
[PlyCount "93"]
[EventDate "1999.01.24"]

1. Nf3 Nf6 2. c4 c5 3. Nc3 b6 4. e4 d6 5. d4 cxd4 6. Nxd4 Bb7 7. Bd3 e6 8. O-O
Be7 9. Qe2 Nc6 10. Nxc6 Bxc6 11. b3 O-O 12. Bb2 a6 13. Rae1 Ra7 14. Kh1 Qa8 15.
f3 Rd8 16. Bb1 Qb8 17. f4 e5 18. fxe5 dxe5 19. Nd5 b5 20. Rf5 bxc4 21. Bxe5 Qc8
22. Nxe7+ Rxe7 23. Bxf6 gxf6 24. Qg4+ Kf8 25. Qh4 Re6 26. bxc4 Rd4 27. Rxf6
Rxc4 28. Qxh7 Be8 29. Ref1 Ke7 30. Qh4 Kd7 31. Rd1+ Kc6 32. Qg5 Kb7 33. Qd5+
Qc6 34. Qxc6+ Bxc6 35. Rxf7+ Kb6 36. Rf4 Rb4 37. Kg1 Ba4 38. Re1 Bc6 39. Rf2
Re5 40. Rf5 Re7 41. e5 Bd5 42. Rf2 a5 43. Rd2 Kc5 44. a3 Rf4 45. g3 Rg4 46.
Rc1+ Rc4 47. Rxd5+ 1-0

[Event "4NCL-9899B GUI-SWD"]
[Site "Rd6-Birmingham"]
[Date "1999.01.24"]
[Round "6.5"]
[White "Granat, Russell"]
[Black "James, David"]
[Result "0-1"]
[WhiteElo "2255"]
[BlackElo "2229"]
[PlyCount "120"]
[EventDate "1999.01.24"]

1. e4 c5 2. Nf3 d6 3. d4 cxd4 4. Nxd4 Nf6 5. Nc3 a6 6. Be2 e5 7. Nb3 Be7 8. Be3
O-O 9. g4 Be6 10. g5 Nfd7 11. h4 Nc6 12. Bg4 Qc7 13. Bxe6 fxe6 14. Qg4 Nd8 15.
O-O b5 16. a3 Nb6 17. Nd2 Nc4 18. Nxc4 Qxc4 19. Rad1 a5 20. Qe2 Qxe2 21. Nxe2
Rc8 22. c3 Rc4 23. f3 Nf7 24. Rd3 Nh8 25. Kg2 Ng6 26. Kg3 Rxe4 27. Rh1 Rc4 28.
b3 Rc6 29. h5 Nh8 30. Rdd1 Nf7 31. Kg4 a4 32. g6 Nh6+ 33. Bxh6 gxh6 34. f4 Rf5
35. bxa4 bxa4 36. Rb1 Rc7 37. Rb4 hxg6 38. hxg6 Kg7 39. Rxa4 Kxg6 40. Rb1 h5+
41. Kf3 Kh6 42. Kg2 exf4 43. Rxf4 Rxf4 44. Nxf4 Rxc3 45. Nxe6 Rxa3 46. Nd4 Kg6
47. Re1 Bf6 48. Nb5 Ra2+ 49. Kh1 Rd2 50. Nxd6 Rxd6 51. Rg1+ Bg5 52. Ra1 Kf5 53.
Rf1+ Bf4 54. Rg1 Rd3 55. Rf1 Kg4 56. Kg2 Bg3 57. Kh1 Rd2 58. Kg1 Kh3 59. Kh1
Bf2 60. Rb1 Be3 0-1

[Event "4NCL-9899B GUI-SWD"]
[Site "Rd6-Birmingham"]
[Date "1999.01.24"]
[Round "6.6"]
[White "Saunders, John"]
[Black "Anderton, Matthew"]
[Result "0-1"]
[WhiteElo "2204"]
[BlackElo "2273"]
[PlyCount "84"]
[EventDate "1999.01.24"]

1. e4 e6 2. d3 d5 3. Nd2 Nf6 4. Ngf3 Bc5 5. e5 Nfd7 6. c3 Bb6 7. d4 c5 8. Bb5
cxd4 9. cxd4 a6 10. Bd3 Nc6 11. Nb3 f6 12. exf6 Nxf6 13. O-O O-O 14. Re1 e5 15.
dxe5 Ng4 16. Be3 Nxe3 17. fxe3 Bg4 18. Nbd4 Nxd4 19. exd4 Bxf3 20. gxf3 Bxd4+
21. Kh1 Qh4 22. Be4 dxe4 23. Qxd4 Rxf3 24. Rxe4 Qh3 25. Rg1 Rd3 26. Qc4+ Kh8
27. Qf7 Rd7 28. Qf4 Re8 29. e6 Rde7 30. Re3 Qh5 31. Qd6 Rxe6 32. Rf1 Rxd6 33.
Ref3 Kg8 34. b4 Rde6 35. R1f2 Re1+ 36. Kg2 R1e2 37. b5 Rxf2+ 38. Kxf2 Qg4 39.
bxa6 Qd4+ 40. Kg3 Qe5+ 41. Kf2 Qe2+ 42. Kg3 bxa6 0-1

[Event "4NCL-9899B GUI-SWD"]
[Site "Rd6-Birmingham"]
[Date "1999.01.24"]
[Round "6.7"]
[White "Norman, Ken"]
[Black "Richmond, Peter"]
[Result "1/2-1/2"]
[WhiteElo "2172"]
[BlackElo "2190"]
[PlyCount "40"]
[EventDate "1999.01.24"]

1. Nf3 d5 2. c4 e6 3. d4 c6 4. Qc2 Nf6 5. g3 dxc4 6. Qxc4 b5 7. Qc2 Bb7 8. Bg2
Nbd7 9. Nc3 b4 10. Na4 Qa5 11. O-O c5 12. Nxc5 Nxc5 13. dxc5 Bxc5 14. Nd2 Bxg2
15. Kxg2 Qb5 16. Nb3 Be7 17. f3 O-O 18. e4 Rac8 19. Qf2 a5 20. Be3 Nd7 1/2-1/2

[Event "4NCL-9899B GUI-SWD"]
[Site "Rd6-Birmingham"]
[Date "1999.01.24"]
[Round "6.8"]
[White "Richmond, Jane"]
[Black "Norman, Dinah"]
[Result "1-0"]
[WhiteElo "2175"]
[BlackElo "2064"]
[PlyCount "133"]
[EventDate "1999.01.24"]

1. e4 c6 2. d4 d5 3. Nd2 dxe4 4. Nxe4 Nd7 5. Bc4 Ngf6 6. Ng5 e6 7. Ne2 Nb6 8.
Bb3 h6 9. Nf3 c5 10. c3 Be7 11. O-O O-O 12. Ne5 cxd4 13. cxd4 Nbd5 14. Nc3 Bd7
15. Qf3 Bc6 16. Nxc6 bxc6 17. Rd1 Rc8 18. Na4 Qc7 19. Be3 Bd6 20. g3 Be7 21.
Rac1 Qa5 22. Nc5 Qb6 23. Bf4 Nxf4 24. Qxf4 Bxc5 25. dxc5 Qc7 26. Qxc7 Rxc7 27.
Rd6 Nd5 28. Ba4 Rfc8 29. a3 Kf8 30. b4 Ke7 31. Kg2 Nf6 32. Kf3 Ne8 33. Rd3 Rd8
34. Ke3 Rxd3+ 35. Kxd3 Nf6 36. h3 Nd5 37. Kc4 Kd8 38. Rb1 Ke7 39. Bc2 Nf6 40.
Rd1 Rd7 41. Rxd7+ Kxd7 42. Kd4 Kc7 43. Bd3 Nd5 44. f4 Nf6 45. Be2 Kd7 46. Bf3
Kc7 47. a4 Kd7 48. b5 cxb5 49. axb5 Kc7 50. Kc4 Nd7 51. Bh5 g6 52. Bf3 f6 53.
Bg4 Nf8 54. Kd4 g5 55. fxg5 hxg5 56. h4 gxh4 57. gxh4 Ng6 58. h5 Nf8 59. h6 f5
60. Bh5 Kd7 61. Ke5 Ke7 62. c6 Nh7 63. Bg6 Nf8 64. Bf7 Kxf7 65. Kd6 Ng6 66. h7
Kf6 67. c7 1-0